1747 1286 1391 1959 1235 1839 1883 1859 1810 1996 1228 1454 1743 1316 1441 1923 1992 1713 1921 1427 1538 1445 1920 1413 1437 1122 1192 1358 1827 1466 1806 1456 1597 1179 1841 1675 1873 1799 1423 1522 1620 1525 1221 1748 1557 1316 1602 1160 1942 1718 1946 1160 1512 1611 1171 1794 1778 1603 1201 1047 1564 1121 1136 1364 1620 1860 1474 1383 1980 1920 1127 1942 1031 1904 1895 1991 1315 1623 1393 1529 1069 1579 1408 1529 1957 1538 1162 1988 1023 1426 1843 1376 1529 1609 1987 1937 1526 1600 1478 BCNSPRNW ULIB Ver.6.0+V

เปลี่ยนเป็นภาษาไทย

Change to English
 แสดงรายละเอียดบรรณานุกรม
  กลับหน้าหลัก

Brief Record : Get Marc (ISO 2709) : E-mail record : QR code < ปิดหน้าต่าง
LEADER : 00000nam 2200000uu 4500
001    13399127902
003     ULIB
008    211026s2563||||th 000 0 tha d
020    ^a9786168122105
060  4 ^aWC501^bค976
100 0  ^aดุสิต สถาวร
245 00 ^aCOVID and crisis in critical care /^cบรรณาธิการ, ดุสิต สถาวร,ครรชิต ปิยะเวชวิรัตน์, สัณฐิติ โมรากุล
250    ^aพิมพ์ครั้งที่ 1
260    ^aกรุงเทพฯ : ^bสมาคมเวชบำบัดวิกฤตแห่งประเทศไทย,^c2563
300    ^axx, 688 หน้า :^bภาพประกอบ, แผนภูมิ ;^c27 ซม
500    ^aผู้ใหญ่
500    ^aเนื้อหาเป็นภาษาไทย
504    ^aบรรณานุกรมท้ายบทและดรรชนีท้ายเล่ม
505 0  ^aI: Introduction -- II: Year-in-review -- III: Covid-19:the basic & beyond -- IV: Critical care: the basic -- V:Sepsis & shock -- VI: Critical care in specific population-- VII: Perioperative management during pandemics -- VIII:Respiratory critical care -- IX: Critical care nephrology-- X: Critical care neurology -- XI: Pediatric criticalcare -- Neuro crit care -- Ped septic shock -- Dealingwith severe dengue shock in PICU -- Critical care forchildren with severe Covid
650  2 ^aCritical care
650  2 ^aCOVID-19
650  2 ^aCOVID-19 (Disease)
650  7 ^aโควิด-19 (โรค)
700 0  ^aครรชิต ปิยะเวชวิรัตน์,^eบรรณาธิการร่วม
700 0  ^aสัณฐิติ โมรากุล,^eบรรณาธิการร่วม
710 2  ^aสมาคมเวชบำบัดวิกฤตแห่งประเทศไทย
945    ^p0^l0^i29048
990    ^aทุกภาควิชา(คณะแพทยศาสตร์)
999    ^aกัณชพร จุลอักษร
รายการนี้ยังไม่มีแท็ก
คุณยังไม่ได้ล็อกอิน คุณสามารถมีกิจกรรมร่วมกับเว็บไซต์ได้ แต่ต้องล็อกอินก่อน ::
  ล็อกอิน

รายการสื่อสารสนเทศ

ลำดับที่ ประเภท เลขเรียก/บาร์โค้ด สถานที่ สถานะ
1. วิทยาศาสตร์การแพทย์ และสุขภาพ
วิทยาศาสตร์การแพทย์ และสุขภาพ
WC501 ค976 ฉ.1 
  Barcode: 29048
ห้องสมุดวิทยาเขตนครสวรรค์
►หนังสือทั่วไป:l:General Books
บนชั้น

รายการใกล้เคียง
    ผู้แต่ง [ดุสิต สถาวร]

    หัวเรื่อง [Critical care]
    หัวเรื่อง [COVID-19]
    หัวเรื่อง [COVID-19 (Disease)]
    หัวเรื่อง [โควิด-19 (โรค)]

BibComment


ยังไม่เคยถูกคอมเมนท์

คอมเมนท์ทรัพยากรรายการนี้
  คอมเมนท์: COVID and crisis..


 Copyright 2026. Bcnsprnw @Library